On This Day (November 13th) Multiple Choice - Statistics

General Stats
  • This quiz has been taken 11 times
  • The average score is 6 of 15
Answer Stats
Question Answer % Correct
1985 – Xavier Suárez is sworn in as Miami's first mayor to be born where ? Cuba
100%
1950 – General Carlos Delgado Chalbaud, President of Venezuela, is assassinated in which city ? Caracas
50%
1002 – English king Æthelred II orders the killing of all people of which tribe in England, known today as the St. Brice's Day massacre ? Danes
50%
1940 – Which Walt Disney animated musical film is first released ? Fantasia
50%
2017 – Which country fails to qualify (for the first time since 1958) for 2018 FIFA World Cup after being defeated by Sweden in the UEFA Second Round ? Italy
50%
1989 – Hans-Adam II, the present Prince of which country, begins his reign on the death of his father ? Liechtenstein
50%
1954 – Great Britain defeats France to capture the first ever Rugby League World Cup in front of around 30,000 spectators in which city ? Paris
50%
2018 – CNN files a lawsuit against the Trump administration for what reason ? Revocation of Press passes
50%
2013 – What becomes legal in Hawaii on this day ? Same sex marriage
50%
1955 – Caryn Elaine Johnson, American actress and comedian, is born. By what name is she better known ? Whoopi Goldberg
50%
2012 – A total solar eclipse occurred in parts of which country ? Australia
0%
1916 – World War I: Prime Minister of Australia Billy Hughes is expelled from the Labor Party over his support for what ? Conscription
0%
1995 – Which country becomes the first state to join the Commonwealth of Nations without having been part of the former British Empire ? Mozambique
0%
1851 – The Denny Party lands at Alki Point, before moving to the other side of Elliott Bay to what would become which US city ? Seattle
0%
2015 – WT1190F, a temporary satellite of Earth, impacts just southeast of which island nation ? Sri Lanka
0%
No matching quizzes found
Score Distribution
Percent of People with Each Score
Percentile by Number Answered
Your Score History
You have not taken this quiz